[Event "SVK-chT2D 2223"]
[Site "Slovakia"]
[Date "2022.11.13"]
[Round "4.1"]
[White "Balazs, Attila2222"]
[Black "Pastir, Stanislav"]
[Result "1-0"]
[WhiteElo "2015"]
[BlackElo "2112"]
[PlyCount "53"]
[EventDate "2022.10.08"]
[EventType "team-tourn"]
[EventRounds "11"]
[EventCountry "SVK"]
[SourceTitle "EXT 2024"]
[Source "ChessBase"]
[SourceDate "2023.10.10"]
[SourceVersion "1"]
[SourceVersionDate "2023.10.10"]
[SourceQuality "1"]
[WhiteTeam "Moldava nad Bodvou"]
[BlackTeam "Presov Slavia PU"]
[WhiteTeamCountry "SVK"]
[BlackTeamCountry "SVK"]

1. e4 c5 2. Nf3 d6 3. Bb5+ Nd7 4. c3 a6 5. Ba4 Ngf6 6. Qe2 e5 7. 0-0 b5 8. Bc2 Bb7 9. d3 g6 10. Ne1 Bg7 11. f4 0-0 12. f5 d5 13. Nd2 Qb6 14. Kh1 c4 15. exd5 cxd3 16. Nxd3 Nxd5 17. Ne4 Rfe8 18. Bd2 Rac8 19. Rf3 N7f6 20. Ndf2 Rcd8 21. Rf1 Bc8 22. fxg6 hxg6 23. Bg5 Rd7 24. Nxf6+ Bxf6 25. Ne4 Bxg5 26. Nxg5 Nf4 27. Rxf4 1-0

[Event "SVK-chT1E 2122"]
[Site "Slovakia"]
[Date "2022.01.29"]
[Round "1.2"]
[White "Ferkova, Dominika"]
[Black "Pastir, Stanislav"]
[Result "1-0"]
[WhiteElo "2015"]
[BlackElo "2102"]
[PlyCount "63"]
[EventDate "2022.01.29"]
[EventType "team-tourn"]
[EventRounds "11"]
[EventCountry "SVK"]
[SourceTitle "EXT 2023"]
[Source "ChessBase"]
[SourceDate "2022.10.05"]
[SourceVersion "1"]
[SourceVersionDate "2022.10.05"]
[SourceQuality "1"]
[WhiteTeam "Bardejov"]
[BlackTeam "Kosice Slavia TU"]
[WhiteTeamCountry "SVK"]
[BlackTeamCountry "SVK"]

1. d4 d5 2. c4 c6 3. Nf3 Nf6 4. Nc3 e6 5. e3 Nbd7 6. Qc2 Bd6 7. Bd3 dxc4 8. Bxc4 b5 9. Be2 Bb7 10. 0-0 0-0 11. e4 e5 12. Bg5 h6 13. Bh4 Re8 14. dxe5 Nxe5 15. Nxe5 Bxe5 16. Rad1 Qb6 17. Bd3 Rad8 18. Kh1 Bxc3 19. Qxc3 b4 20. Qb3 g5 21. e5 Rxe5 22. Bg3 Red5 23. Bc4 Rxd1 24. Rxd1 Rxd1+ 25. Qxd1 Ba6 26. Bb3 Qb5 27. Qd8+ Kg7 28. h3 Qe2 29. Qd6 Ne4 30. Qe5+ Kf8 31. Qb8+ Ke7 32. Qc7+ 1-0

[Event "Drienica Saris op"]
[Site "Drienica"]
[Date "2020.08.08"]
[Round "2"]
[White "Priechodsky, Radovan"]
[Black "Pastir, Stanislav"]
[Result "1-0"]
[WhiteElo "1975"]
[BlackElo "2145"]
[PlyCount "45"]
[EventDate "2020.08.07"]
[EventType "swiss"]
[EventRounds "9"]
[EventCountry "SVK"]
[SourceTitle "CBM 197 Extra"]
[Source "ChessBase"]
[SourceDate "2020.09.30"]
[SourceVersion "1"]
[SourceVersionDate "2020.09.30"]
[SourceQuality "1"]

1. c4 e5 2. Nc3 Nc6 3. d3 Bc5 4. g3 d6 5. Bg2 a6 6. Nf3 f5 7. e3 Nf6 8. 0-0 Ba7 9. Rb1 0-0 10. b4 Qe8 11. b5 axb5 12. Nxb5 Bb6 13. Nxd6 cxd6 14. Rxb6 Rxa2 15. Qb3 Ra1 16. Ba3 Rxf1+ 17. Kxf1 Qe7 18. Ng5 Nd7 19. Bxd6 Qxg5 20. Bd5+ Rf7 21. Rxb7 Qf6 22. Rc7 Qxd6 23. Rxc8+ 1-0

[Event "SVK-chT2D 1920"]
[Site "Slovakia"]
[Date "2020.03.07"]
[Round "10.1"]
[White "Pastir, Stanislav"]
[Black "Turzak, Milan1111"]
[Result "1-0"]
[WhiteElo "2143"]
[BlackElo "1999"]
[PlyCount "95"]
[EventDate "2019.10.26"]
[EventType "team-tourn"]
[EventRounds "11"]
[EventCountry "SVK"]
[SourceTitle "EXT 2022"]
[Source "ChessBase"]
[SourceDate "2021.10.06"]
[SourceVersion "1"]
[SourceVersionDate "2021.10.06"]
[SourceQuality "1"]
[WhiteTeam "Presov Slavia PU"]
[BlackTeam "Gelnica Slovan"]
[WhiteTeamCountry "SVK"]
[BlackTeamCountry "SVK"]

1. e4 c5 2. Nf3 Nc6 3. d4 cxd4 4. Nxd4 e5 5. Nb5 d6 6. c4 a6 7. N5c3 Nf6 8. Bd3 Nb4 9. 0-0 Nxd3 10. Qxd3 Be6 11. b3 Be7 12. Ba3 Qb6 13. Nd2 0-0 14. Nd5 Nxd5 15. cxd5 Bd7 16. Nc4 Qc7 17. Qe3 Bb5 18. Rfc1 Qd8 19. Qb6 Rc8 20. Qxd8 Rcxd8 21. Nb6 Bd3 22. Rc7 Bg5 23. Re1 f5 24. exf5 Rxf5 25. Rxb7 e4 26. Nc4 Rxd5 27. Ne3 Ra5 28. Bb2 Bh6 29. Ng4 Rg5 30. Nxh6+ gxh6 31. Bf6 Rc8 32. Bxg5 hxg5 33. Rd7 Rc6 34. h3 Kf8 35. Kh2 Rc2 36. Rxd6 Rxf2 37. Kg3 Rxa2 38. Rd7 Rb2 39. Rc1 Ke8 40. Rxh7 Kd8 41. Rcc7 Bf1 42. Kh2 Bxg2 43. Ra7 Bf3+ 44. Kg1 Rb1+ 45. Kf2 Rb2+ 46. Ke3 Rxb3+ 47. Kd4 Rb4+ 48. Kc3 1-0

[Event "SVK-chT1E 1920"]
[Site "Slovakia"]
[Date "2019.11.10"]
[Round "4.3"]
[White "Straka, Jozef1111"]
[Black "Pastir, Stanislav"]
[Result "1-0"]
[WhiteElo "2298"]
[BlackElo "2148"]
[PlyCount "51"]
[EventDate "2019.10.12"]
[EventType "team-tourn"]
[EventRounds "11"]
[EventCountry "SVK"]
[SourceTitle "CBM 193 Extra"]
[Source "ChessBase"]
[SourceDate "2020.01.31"]
[SourceVersion "1"]
[SourceVersionDate "2020.01.31"]
[SourceQuality "1"]
[WhiteTeam "Cadca"]
[BlackTeam "Kosice Slavia TU II"]
[WhiteTeamCountry "SVK"]
[BlackTeamCountry "SVK"]

1. d4 d5 2. c4 c6 3. Nf3 Nf6 4. Nbd2 Bf5 5. Nh4 Be6 6. e3 g6 7. Bd3 Bg7 8. 0-0 0-0 9. Qe2 c5 10. dxc5 Nbd7 11. cxd5 Nxd5 12. Nb3 Rc8 13. Rd1 Nb4 14. Bc4 Bxc4 15. Qxc4 Ne5 16. Qe2 Qe8 17. Bd2 Qa4 18. Bxb4 Qxb4 19. Rd4 Nf3+ 20. Nxf3 Bxd4 21. exd4 a5 22. Nfd2 e5 23. a3 Qa4 24. dxe5 Rfe8 25. Re1 Qd7 26. Ne4 1-0

[Event "SVK-chT1E 1819"]
[Site "Slovakia"]
[Date "2018.11.24"]
[Round "3.1"]
[White "Mrvova, Alena"]
[Black "Pastir, Stanislav"]
[Result "1/2-1/2"]
[WhiteElo "2174"]
[BlackElo "2147"]
[PlyCount "80"]
[EventDate "2018.10.27"]
[EventType "team-tourn"]
[EventRounds "11"]
[EventCountry "SVK"]
[SourceTitle "CBM 188 Extra"]
[Source "ChessBase"]
[SourceDate "2019.02.26"]
[SourceVersion "1"]
[SourceVersionDate "2019.02.26"]
[SourceQuality "1"]
[WhiteTeam "Bardejov"]
[BlackTeam "Kosice Slavia TU II"]
[WhiteTeamCountry "SVK"]
[BlackTeamCountry "SVK"]

1. e4 c5 2. Nf3 d6 3. Nc3 Nf6 4. Bc4 e6 5. d3 Nc6 6. a3 Be7 7. 0-0 0-0 8. Ba2 a6 9. Nd2 d5 10. f4 dxe4 11. Ncxe4 b5 12. Nxf6+ Bxf6 13. Ne4 Bd4+ 14. Kh1 b4 15. c3 bxc3 16. bxc3 f5 17. cxd4 fxe4 18. d5 exd5 19. dxe4 Ne7 20. exd5 Qd6 21. Be3 Bb7 22. Rc1 Rac8 23. Qc2 c4 24. Bxc4 Bxd5 25. Qd2 Qe6 26. Bxd5 Qxd5 27. Qf2 Nf5 28. Bc5 Rfd8 29. Bb6 Re8 30. a4 Rc4 31. Qa2 Rd4 32. Qxd5+ Rxd5 33. a5 Rd2 34. Rf2 Rxf2 35. Bxf2 Re2 36. Kg1 Ra2 37. Be1 Ne3 38. Bf2 Nf5 39. Bb6 Nh4 40. Bf2 Nf5 1/2-1/2

[Event "SVK-chT2D 1718"]
[Site "Slovakia"]
[Date "2018.03.17"]
[Round "10.1"]
[White "Nayhebaver, Martin"]
[Black "Pastir, Stanislav"]
[Result "1-0"]
[WhiteElo "2474"]
[BlackElo "2138"]
[PlyCount "47"]
[EventDate "2017.10.28"]
[EventType "team-tourn"]
[EventRounds "11"]
[EventCountry "SVK"]
[SourceTitle "EXT 2020"]
[Source "ChessBase"]
[SourceDate "2019.10.17"]
[SourceVersion "1"]
[SourceVersionDate "2019.10.17"]
[SourceQuality "1"]
[WhiteTeam "Kosice Slavia UPJS III"]
[BlackTeam "Presov Slavia"]
[WhiteTeamCountry "SVK"]
[BlackTeamCountry "SVK"]

1. e4 c5 2. Nf3 d6 3. d4 cxd4 4. Nxd4 Nf6 5. Nc3 Nc6 6. Bg5 Qb6 7. Nb3 e6 8. Qd2 Be7 9. 0-0-0 0-0 10. h4 a6 11. f3 Qc7 12. g4 Ne5 13. Be2 Nc4 14. Bxc4 Qxc4 15. h5 b5 16. h6 g6 17. Qe1 e5 18. Qh4 Qe6 19. f4 exf4 20. Nd4 Qxg4 21. Bxf6 Qxh4 22. Bxh4 g5 23. Nc6 Bf6 24. Nd5 1-0

[Event "SVK-chT1E 1516"]
[Site "Slovakia"]
[Date "2016.02.21"]
[Round "9.5"]
[White "Balazs, Attila"]
[Black "Pastir, Stanislav"]
[Result "1/2-1/2"]
[WhiteElo "2046"]
[BlackElo "2153"]
[PlyCount "40"]
[EventDate "2015.10.24"]
[EventType "team-tourn"]
[EventRounds "11"]
[EventCountry "SVK"]
[SourceTitle "EXT 2017"]
[Source "ChessBase"]
[SourceDate "2016.10.25"]
[SourceVersion "1"]
[SourceVersionDate "2016.10.25"]
[SourceQuality "1"]
[WhiteTeam "Jelsava Magnezit"]
[BlackTeam "Kosice Slavia"]
[WhiteTeamCountry "SVK"]
[BlackTeamCountry "SVK"]

1. e4 c5 2. Nf3 d6 3. Nc3 Nf6 4. Bb5+ Nbd7 5. e5 dxe5 6. Nxe5 a6 7. Nxd7 Bxd7 8. Bxd7+ Qxd7 9. Qf3 g6 10. d3 Bg7 11. Be3 Rc8 12. 0-0 0-0 13. Rad1 b5 14. b3 Qc6 15. Qxc6 Rxc6 16. a4 Rb8 17. Bf4 Rb7 18. axb5 axb5 19. Be5 Nd7 20. Bxg7 Kxg7 1/2-1/2

[Event "SVK-chT1E 1516"]
[Site "Slovakia"]
[Date "2016.02.20"]
[Round "8.4"]
[White "Haring, Viktor"]
[Black "Pastir, Stanislav"]
[Result "1-0"]
[WhiteElo "2235"]
[BlackElo "2153"]
[PlyCount "63"]
[EventDate "2015.10.24"]
[EventType "team-tourn"]
[EventRounds "11"]
[EventCountry "SVK"]
[SourceTitle "EXT 2017"]
[Source "ChessBase"]
[SourceDate "2016.10.25"]
[SourceVersion "1"]
[SourceVersionDate "2016.10.25"]
[SourceQuality "1"]
[WhiteTeam "Banska Bystrica Junior"]
[BlackTeam "Kosice Slavia"]
[WhiteTeamCountry "SVK"]
[BlackTeamCountry "SVK"]

1. e4 c5 2. Nf3 d6 3. d4 cxd4 4. Nxd4 Nf6 5. Nc3 a6 6. Be3 e5 7. Nb3 Be6 8. f4 exf4 9. Bxf4 Nc6 10. Qe2 Be7 11. h3 Ne5 12. 0-0-0 Qc7 13. g4 Rc8 14. Nd4 Nc4 15. Qe1 Qb6 16. Bxc4 Rxc4 17. Nf5 Bxf5 18. Be3 Qc6 19. exf5 0-0 20. Bd4 Re8 21. Qd2 b5 22. g5 Nd5 23. Bxg7 Kxg7 24. Nxd5 Bd8 25. f6+ Kg8 26. Rhe1 Rce4 27. Rxe4 Rxe4 28. b3 Qe8 29. Kb1 Qe5 30. Nc3 Ba5 31. Qxd6 Bxc3 32. Qxe5 1-0

[Event "SVK-chT2D 1516"]
[Site "Slovakia"]
[Date "2015.12.06"]
[Round "6.1"]
[White "Pastir, Stanislav"]
[Black "Marek, Stanislav"]
[Result "1/2-1/2"]
[WhiteElo "2153"]
[BlackElo "2177"]
[PlyCount "27"]
[EventDate "2015.10.17"]
[EventType "team-tourn"]
[EventRounds "11"]
[EventCountry "SVK"]
[SourceTitle "CBM 170 Extra"]
[Source "ChessBase"]
[SourceDate "2016.02.25"]
[SourceVersion "1"]
[SourceVersionDate "2016.02.25"]
[SourceQuality "1"]
[WhiteTeam "Presov Slavia"]
[BlackTeam "Presov Tatran"]
[WhiteTeamCountry "SVK"]
[BlackTeamCountry "SVK"]

1. d4 Nf6 2. c4 e6 3. Nf3 b6 4. g3 Ba6 5. Qa4 Bb7 6. Bg2 c5 7. 0-0 cxd4 8. Nxd4 Bxg2 9. Kxg2 Qc8 10. Qb3 Bc5 11. Qf3 Nc6 12. Nxc6 Qxc6 13. Nc3 Bb4 14. Qxc6 1/2-1/2

[Event "SVK-chT2D 1516"]
[Site "Slovakia"]
[Date "2015.11.08"]
[Round "4.2"]
[White "Jurov, Pavol"]
[Black "Pastir, Stanislav"]
[Result "0-1"]
[WhiteElo "1982"]
[BlackElo "2153"]
[PlyCount "62"]
[EventDate "2015.10.17"]
[EventType "team-tourn"]
[EventRounds "11"]
[EventCountry "SVK"]
[SourceTitle "CBM 169 Extra"]
[Source "ChessBase"]
[SourceDate "2015.12.18"]
[SourceVersion "1"]
[SourceVersionDate "2015.12.18"]
[SourceQuality "1"]
[WhiteTeam "Kosice Dynamo"]
[BlackTeam "Presov Slavia"]
[WhiteTeamCountry "SVK"]
[BlackTeamCountry "SVK"]

1. e4 e5 2. Nf3 Nc6 3. Bb5 a6 4. Ba4 Nf6 5. 0-0 b5 6. Bb3 Be7 7. Re1 0-0 8. c3 d6 9. Bc2 Nb8 10. d4 Nbd7 11. Nbd2 c5 12. d5 c4 13. b4 cxb3 14. axb3 Qc7 15. Bb2 Bb7 16. Nh4 g6 17. Nhf3 Rfc8 18. Qe2 Nb6 19. Rec1 Nfd7 20. h4 h5 21. Ng5 Qd8 22. Qe3 a5 23. g4 hxg4 24. Bd1 Nf6 25. f4 Nbxd5 26. exd5 Nxd5 27. Qg3 Nxf4 28. Bxg4 Bxg5 29. hxg5 Qxg5 30. Kf2 f5 31. Bf3 Nd3+ 0-1

[Event "SVK-chT1E 1516"]
[Site "Slovakia"]
[Date "2015.10.25"]
[Round "2.3"]
[White "Pastir, Stanislav"]
[Black "Kopera, Michal"]
[Result "1-0"]
[WhiteElo "2153"]
[BlackElo "2098"]
[PlyCount "135"]
[EventDate "2015.10.24"]
[EventType "team-tourn"]
[EventRounds "11"]
[EventCountry "SVK"]
[SourceTitle "CBM 169 Extra"]
[Source "ChessBase"]
[SourceDate "2015.12.18"]
[SourceVersion "1"]
[SourceVersionDate "2015.12.18"]
[SourceQuality "1"]
[WhiteTeam "Kosice Slavia"]
[BlackTeam "Zilina Mladost II"]
[WhiteTeamCountry "SVK"]
[BlackTeamCountry "SVK"]

1. d4 d5 2. c4 e6 3. Nc3 Nf6 4. cxd5 exd5 5. Bg5 Be7 6. e3 0-0 7. Bd3 c6 8. Qc2 Nbd7 9. Nge2 Re8 10. 0-0 Nf8 11. Rae1 h6 12. Bh4 Bg4 13. f3 Bh5 14. Nf4 g5 15. Nxh5 Nxh5 16. Bf2 Ne6 17. Qd2 Nf6 18. Bb1 Qc7 19. Rc1 Rad8 20. Ne2 Bd6 21. g3 Nf8 22. h3 Qe7 23. Kg2 Ng6 24. Nc3 Bb4 25. a3 Bxc3 26. Qxc3 Kg7 27. Rce1 Qd7 28. e4 g4 29. e5 gxh3+ 30. Kh2 Nh5 31. Be3 f5 32. exf6+ Nxf6 33. Qd2 Rh8 34. Qd3 Qf7 35. Qf5 h5 36. Bg5 Rde8 37. Qxh3 Rxe1 38. Rxe1 Ng4+ 39. Kg2 Rf8 40. f4 Re8 41. Qh1 Nf8 42. f5 Nh7 43. Bf4 Nhf6 44. Be5 c5 45. Qf1 Kh7 46. Re2 Qd7 47. Qe1 Qb5 48. Qd2 cxd4 49. Bd3 Qc6 50. Bxd4 Rxe2+ 51. Qxe2 Ne4 52. Qf3 Qc1 53. Qe2 b6 54. f6 Qc7 55. Bxe4+ dxe4 56. Qxe4+ Kh6 57. Bc3 Qd7 58. Qf4+ Kg6 59. Qe4+ Kh6 60. Bb4 h4 61. gxh4 Nxf6 62. Bf8+ Kh5 63. Qe5+ Kxh4 64. Qxf6+ Kg4 65. Qf3+ Kg5 66. Qg3+ Kf6 67. Qh4+ Kg6 68. Qh6+ 1-0

[Event "SVK-chT2D 1516"]
[Site "Slovakia"]
[Date "2015.10.18"]
[Round "2.2"]
[White "Bemak, Mikhail"]
[Black "Pastir, Stanislav"]
[Result "1-0"]
[WhiteElo "2143"]
[BlackElo "2153"]
[PlyCount "79"]
[EventDate "2015.10.17"]
[EventType "team-tourn"]
[EventRounds "11"]
[EventCountry "SVK"]
[SourceTitle "CBM 169 Extra"]
[Source "ChessBase"]
[SourceDate "2015.12.18"]
[SourceVersion "1"]
[SourceVersionDate "2015.12.18"]
[SourceQuality "1"]
[WhiteTeam "Velke Kapusany"]
[BlackTeam "Presov Slavia"]
[WhiteTeamCountry "SVK"]
[BlackTeamCountry "SVK"]

1. d4 d5 2. c4 c6 3. Nc3 Nf6 4. Nf3 e6 5. e3 Nbd7 6. Bd3 Bd6 7. 0-0 0-0 8. b3 b6 9. Bb2 Bb7 10. Rc1 Rc8 11. Qe2 Re8 12. Rfd1 Qe7 13. Bb1 dxc4 14. bxc4 e5 15. d5 Ba6 16. e4 Nc5 17. g3 g6 18. dxc6 Rxc6 19. Nd5 Nxd5 20. exd5 Rc7 21. Re1 f6 22. Nd2 Nb7 23. Qg4 Bb4 24. Red1 Nd6 25. Bd3 f5 26. Qe2 e4 27. Bb1 Rec8 28. Qe3 Nxc4 29. Nxc4 Rxc4 30. Rxc4 Rxc4 31. a3 Bc5 32. d6 Qd7 33. Qg5 Bd4 34. Rxd4 Qb5 35. Qd8+ Kf7 36. Qe7+ Kg8 37. Qe6+ Kf8 38. Qf6+ Kg8 39. Rxc4 Qxc4 40. Qg7# 1-0

[Event "SVK-chT2D 14/15"]
[Site "Slovakia"]
[Date "2015.03.08"]
[Round "11.1"]
[White "Krak, Tomas"]
[Black "Pastir, Stanislav"]
[Result "1-0"]
[WhiteElo "2353"]
[BlackElo "2143"]
[PlyCount "65"]
[EventDate "2014.10.11"]
[EventType "team-tourn"]
[EventRounds "11"]
[EventCountry "SVK"]
[SourceTitle "EXT 2019"]
[Source "ChessBase"]
[SourceDate "2018.10.10"]
[SourceVersion "1"]
[SourceVersionDate "2018.10.10"]
[SourceQuality "1"]
[WhiteTeam "Kosice 1 CC"]
[BlackTeam "Presov Slavia PU"]
[WhiteTeamCountry "SVK"]
[BlackTeamCountry "SVK"]

1. Nf3 Nf6 2. c4 e6 3. g3 d5 4. Bg2 dxc4 5. Qa4+ Nbd7 6. Qxc4 a6 7. 0-0 b5 8. Qc2 Bb7 9. b3 c5 10. Bb2 Be7 11. d3 0-0 12. Nbd2 Qb6 13. a3 Rac8 14. Rac1 Rfd8 15. Qb1 Nd5 16. Rc2 Bf6 17. Rfc1 Ne7 18. Qa1 Nf5 19. b4 Bxb2 20. Qxb2 cxb4 21. axb4 a5 22. Rxc8 Rxc8 23. Rxc8+ Bxc8 24. Qc3 Ba6 25. bxa5 b4 26. Qa1 Qc5 27. Nc4 Bxc4 28. dxc4 Nd6 29. Nd2 Nc8 30. e3 Qc7 31. Qa4 Qd6 32. Ne4 Qd3 33. Bf1 1-0

[Event "SVK-chT2D 14/15"]
[Site "Slovakia"]
[Date "2015.02.14"]
[Round "8.1"]
[White "Harvan, Richard"]
[Black "Pastir, Stanislav"]
[Result "1/2-1/2"]
[WhiteElo "2056"]
[BlackElo "2143"]
[PlyCount "35"]
[EventDate "2014.10.11"]
[EventType "team-tourn"]
[EventRounds "11"]
[EventCountry "SVK"]
[SourceTitle "EXT 2019"]
[Source "ChessBase"]
[SourceDate "2018.10.10"]
[SourceVersion "1"]
[SourceVersionDate "2018.10.10"]
[SourceQuality "1"]
[WhiteTeam "Kosice Slavia TU IV"]
[BlackTeam "Presov Slavia PU"]
[WhiteTeamCountry "SVK"]
[BlackTeamCountry "SVK"]

1. e4 c5 2. Nf3 d6 3. d4 cxd4 4. Nxd4 Nf6 5. Nc3 Nc6 6. Bc4 e6 7. Be3 Be7 8. f3 0-0 9. Qd2 a6 10. a4 Qc7 11. Bb3 Bd7 12. 0-0 Na5 13. Rfd1 Nxb3 14. cxb3 b6 15. Rac1 Qb7 16. Nc2 Rac8 17. Bf4 d5 18. e5 1/2-1/2

[Event "SVK-chT1E 1415"]
[Site "Slovakia"]
[Date "2015.01.11"]
[Round "6.3"]
[White "Nayhebaver, Martin"]
[Black "Pastir, Stanislav"]
[Result "1/2-1/2"]
[WhiteElo "2301"]
[BlackElo "2143"]
[PlyCount "114"]
[EventDate "2014.10.18"]
[EventType "team-tourn"]
[EventRounds "11"]
[EventCountry "SVK"]
[SourceTitle "EXT 2016"]
[Source "ChessBase"]
[SourceDate "2015.10.08"]
[SourceVersion "1"]
[SourceVersionDate "2015.10.08"]
[SourceQuality "1"]
[WhiteTeam "Michalovce Zemplin"]
[BlackTeam "Sabinov"]
[WhiteTeamCountry "SVK"]
[BlackTeamCountry "SVK"]

1. e4 c5 2. Nf3 d6 3. d4 cxd4 4. Nxd4 Nf6 5. Nc3 Nc6 6. Bg5 Qb6 7. Nb3 e6 8. Qd2 Be7 9. Be3 Qc7 10. f3 a6 11. 0-0-0 0-0 12. g4 b5 13. Kb1 Rb8 14. g5 Nd7 15. h4 b4 16. Ne2 Nce5 17. Ned4 Nb6 18. Qg2 Nec4 19. Bc1 a5 20. h5 a4 21. Na1 Bd7 22. f4 Na3+ 23. bxa3 bxa3 24. Nab3 axb3 25. cxb3 Na4 26. Rh3 Nc3+ 27. Rxc3 Qxc3 28. Bxa3 Rfc8 29. Qf2 Ra8 30. Bb2 Qc5 31. Qg2 e5 32. Nf5 Bxf5 33. exf5 Qa7 34. Ba1 Qe3 35. f6 Bf8 36. fxg7 Bxg7 37. f5 d5 38. h6 Bf8 39. g6 hxg6 40. fxg6 Bxh6 41. gxf7+ Kf8 42. Bb2 Qe4+ 43. Qxe4 dxe4 44. Bc4 Rxc4 45. bxc4 Kxf7 46. Bxe5 Re8 47. Bc3 e3 48. Kc2 Ke6 49. Kd3 Kf5 50. Bd4 Kf4 51. Rf1+ Kg4 52. Ke2 Ra8 53. Rg1+ Kf5 54. Bxe3 Rxa2+ 55. Kf3 Ra3 56. Re1 Rc3 57. c5 Bxe3 1/2-1/2

[Event "SVK-chT2D 14/15"]
[Site "Slovakia"]
[Date "2014.12.07"]
[Round "6.6"]
[White "Kravec, Patrik"]
[Black "Pastir, Stanislav"]
[Result "1/2-1/2"]
[WhiteElo "1976"]
[BlackElo "2143"]
[PlyCount "29"]
[EventDate "2014.10.11"]
[EventType "team-tourn"]
[EventRounds "11"]
[EventCountry "SVK"]
[SourceTitle "EXT 2019"]
[Source "ChessBase"]
[SourceDate "2018.10.10"]
[SourceVersion "1"]
[SourceVersionDate "2018.10.10"]
[SourceQuality "1"]
[WhiteTeam "Sabinov II"]
[BlackTeam "Presov Slavia PU"]
[WhiteTeamCountry "SVK"]
[BlackTeamCountry "SVK"]

1. e4 c5 2. Nf3 d6 3. d4 cxd4 4. Nxd4 Nf6 5. Nc3 a6 6. Be2 e5 7. Nb3 Be6 8. 0-0 Be7 9. Be3 0-0 10. a4 d5 11. exd5 Nxd5 12. Nxd5 Bxd5 13. Nc5 b6 14. Bf3 Bxf3 15. Qxf3 1/2-1/2

[Event "SVK-chT2D 14/15"]
[Site "Slovakia"]
[Date "2014.12.06"]
[Round "5.6"]
[White "Pastir, Stanislav"]
[Black "Koval, Maros"]
[Result "1-0"]
[WhiteElo "2143"]
[BlackElo "2098"]
[PlyCount "67"]
[EventDate "2014.10.11"]
[EventType "team-tourn"]
[EventRounds "11"]
[EventCountry "SVK"]
[SourceTitle "EXT 2019"]
[Source "ChessBase"]
[SourceDate "2018.10.10"]
[SourceVersion "1"]
[SourceVersionDate "2018.10.10"]
[SourceQuality "1"]
[WhiteTeam "Presov Slavia PU"]
[BlackTeam "Presov Tatran Dason"]
[WhiteTeamCountry "SVK"]
[BlackTeamCountry "SVK"]

1. d4 d5 2. Nf3 c6 3. Bf4 Bf5 4. e3 e6 5. c4 Bxb1 6. Rxb1 Qa5+ 7. Nd2 Nf6 8. c5 Qxa2 9. b4 Ne4 10. Nxe4 dxe4 11. Qc1 Qd5 12. Bc4 Qd7 13. Qc2 f5 14. 0-0 Be7 15. Qa2 Kf7 16. f3 exf3 17. Rxf3 g6 18. Rbf1 Bf6 19. h3 h5 20. g4 hxg4 21. hxg4 Na6 22. Bxa6 bxa6 23. Bd6 Rh4 24. gxf5 gxf5 25. Rxf5 Rg8+ 26. Kf2 Qxd6 27. Rxf6+ Kg7 28. Rg6+ Kxg6 29. Qb1+ Kh6 30. cxd6 Rh2+ 31. Kf3 Rh3+ 32. Ke4 Rgg3 33. Qb3 Kg5 34. d7 1-0

[Event "SVK-chT 1314"]
[Site "Slovakia"]
[Date "2014.03.29"]
[Round "10.6"]
[White "Privara, Igor"]
[Black "Pastir, Stanislav"]
[Result "1-0"]
[WhiteElo "2252"]
[BlackElo "2156"]
[PlyCount "117"]
[EventDate "2013.11.09"]
[EventType "team-tourn"]
[EventRounds "11"]
[EventCountry "SVK"]
[SourceTitle "EXT 2015"]
[Source "ChessBase"]
[SourceDate "2014.11.20"]
[SourceVersion "1"]
[SourceVersionDate "2014.11.20"]
[SourceQuality "1"]
[WhiteTeam "Bratislava Slovan II"]
[BlackTeam "Kosice Slavia TU"]
[WhiteTeamCountry "SVK"]
[BlackTeamCountry "SVK"]

1. e4 c5 2. c3 d5 3. exd5 Qxd5 4. d4 Nc6 5. Nf3 Bg4 6. Be2 e6 7. 0-0 Nf6 8. Be3 cxd4 9. cxd4 Be7 10. Nc3 Qa5 11. h3 Bf5 12. Qb3 Qb4 13. Qxb4 Bxb4 14. Rfd1 Nd5 15. Nxd5 exd5 16. Ne5 Bd6 17. Rac1 Rc8 18. Nxc6 bxc6 19. Ba6 Rc7 20. Bd2 Bc8 21. Re1+ Kd7 22. Bd3 g6 23. Rc2 Bb7 24. b4 Ra8 25. Rec1 a5 26. b5 Ba3 27. Rb1 cxb5 28. Bxb5+ Kc8 29. Rxc7+ Kxc7 30. Bf4+ Kd8 31. Re1 Be7 32. a4 Rc8 33. Bd2 Bb4 34. Bxb4 axb4 35. Rb1 Bc6 36. Rxb4 Kc7 37. g4 h6 38. Kg2 Rb8 39. Rb3 Kd6 40. h4 g5 41. Kg3 Bd7 42. Rf3 Bxb5 43. axb5 Ke6 44. Rb3 Kd6 45. Kf3 Rb7 46. hxg5 hxg5 47. Ke3 Kc7 48. Rc3+ Kd6 49. Rc6+ Kd7 50. Rc5 Kd6 51. f4 f6 52. Rc6+ Kd7 53. Rxf6 gxf4+ 54. Kxf4 Rxb5 55. Ke5 Ke7 56. Re6+ Kf7 57. g5 Rb1 58. g6+ Kg7 59. Kxd5 1-0

[Event "SVK-chT 1314"]
[Site "Slovakia"]
[Date "2014.01.25"]
[Round "5.3"]
[White "Czebe, Attila"]
[Black "Pastir, Stanislav"]
[Result "1-0"]
[WhiteElo "2458"]
[BlackElo "2156"]
[PlyCount "89"]
[EventDate "2013.11.09"]
[EventType "team-tourn"]
[EventRounds "11"]
[EventCountry "SVK"]
[SourceTitle "EXT 2015"]
[Source "ChessBase"]
[SourceDate "2014.11.20"]
[SourceVersion "1"]
[SourceVersionDate "2014.11.20"]
[SourceQuality "1"]
[WhiteTeam "Dunajska Streda"]
[BlackTeam "Kosice Slavia TU"]
[WhiteTeamCountry "SVK"]
[BlackTeamCountry "SVK"]

1. e4 c5 2. Nf3 d6 3. d4 cxd4 4. Nxd4 Nf6 5. f3 e6 6. c4 Be7 7. Nc3 0-0 8. Be2 a6 9. 0-0 b6 10. Be3 Bb7 11. Qd2 Nbd7 12. a4 Qc7 13. a5 bxa5 14. Nb3 Rfd8 15. Nxa5 Nb6 16. Rfc1 Nfd7 17. Bf1 Ne5 18. Qf2 Nbd7 19. h3 Nc5 20. Rd1 Nc6 21. Nxc6 Qxc6 22. b4 Nd7 23. Rdc1 Bf6 24. Nd5 Qc8 25. Nxf6+ Nxf6 26. Bg5 Rd7 27. c5 dxc5 28. Rxc5 Qf8 29. Rac1 h6 30. Bxf6 gxf6 31. b5 axb5 32. Bxb5 Rdd8 33. Rc7 Ba6 34. Bd7 Qd6 35. Ba4 Rac8 36. R1c6 Qd3 37. Kh2 Rxc7 38. Qg3+ Kf8 39. Qxc7 Rd7 40. Qf4 Bb7 41. Rb6 Qd4 42. Bxd7 Qxb6 43. Qb8+ Kg7 44. Bc8 Qd8 45. Qg3+ 1-0